000 00570nam a22001457a 4500
008 111114s1947 ua|||||r|||| 000 0 ara d
082 _222
_a210.9
_bب خ ي
100 _926542
_aبخيت،عبد الحميد
245 _aظهور الإسلام :
_bوسيادة مبادئه /
_cعبد الحميد بخيت
260 _aالقاهرة :
_bمكتبة الأنجلو المصرية، [1947]
_c[1947
300 _a430 ص ؛
_c24 سم
504 _aيشتمل على إرجاعات ببليوجرافية : ص427-430
653 _bGeneral
_cNovember2011
942 _2ddc
_cBB
999 _c16204
_d16204